| 000 | 00460 a2200157 4500 | ||
|---|---|---|---|
| 005 | 20250623115907.0 | ||
| 020 | _a978-0-07-148836-5 | ||
| 082 | _aLM 621.3 SIC | ||
| 100 | _aSICARD, E. | ||
| 245 | _aAdvanced CMOS Cell Design | ||
| 260 |
_aNew York, _bMcGraw-Hill, _c2007. |
||
| 300 |
_ax,364p.: ill.; figure, tables _bIndex _c24cm. |
||
| 700 | _aBENDHIA, S. D. | ||
| 856 |
_yAccess Online Book _fAdvanced CMOS Cell Design _dmhprofessional.com |
||
| 942 |
_2ddc _cBKS |
||
| 999 |
_c3785 _d3785 |
||